000 00719nam a22002177a 4500
005 20150625104929.0
010 _aENG-113024
020 _a9789350355275
_c495.00
035 _aEN-96556
037 _bDBAD/PUB
082 _a344.540999
100 _aSharma, Vakul
245 _aInformation technology law and pratice :
_blaw & emerging technology cyber law & E- commerce /
_cby Vakul Sharma [and] Seema Sharma
250 _a4th ed
260 _aNew Delhi
_bUniversal Law Publishing
_c2015
270 _aA-58, G.T. Karnal Road Industrial Area
_bNew Delhi
_e110033
300 _axliii,562p.
_c24cm(pbk)
500 _aIncludes index
700 _aSharma, Seema
942 _2ddc
_cEN
_mSHA
_h344.540999
999 _c93549
_d93549